Formel 1 Rennstrecken 2024 - Statistiken

Allgemein
  • Dieses Quiz wurde 165 mal gespielt
  • Das Durchschnittsergebnis liegt bei 15 aus 24
Antwortstatistiken
Bildquiz Hint Antwort % Korrekt
#12 | Großbritannien Silverstone
85%
#8 | Monaco Monaco
84%
#16 | Italien Monza
84%
#14 | Belgien Spa-Francorchamps
81%
#6 | USA Miami
80%
#22 | USA Las Vegas
77%
#17 | Aserbaidschan Baku
76%
#7 | Italien Imola
76%
#3 | Australien Melbourne
75%
#11 | Österreich Spielberg
74%
#4 | Japan Suzuka
74%
#2 | Saudi-Arabien Jeddah
71%
#18 | Singapur Singapur
70%
#15 | Niederlande Zandvoort
65%
#5 | China Shanghai
64%
#19 | USA Austin
60%
#13 | Ungarn Budapest
60%
#21 | Brasilien Sao Paulo
57%
#9 | Kanada Montreal
51%
#20 | Mexiko Mexiko-City
35%
#1 | Bahrain Sakhir
32%
#10 | Spanien Catalunya
26%
#23 | Quatar Lusail
13%
#24 | Abu Dhabi Yas Island
4%
Keine übereinstimmenden Quizze gefunden
Verteilung der Resultate
Anzahl Personen mit jedem Resultat
Perzentil nach korrekt beantworteten Fragen
Ihre Resultats-Entwicklung
Sie haben dieses Quiz noch nicht gespielt